00600nam a2200157 a 450000100100000000500170001000800410002704000250006808200110009310000340010424501050013826000770024330000210032050000730034170000280041400004902220201002061608.0190715s1998 dr 000 spa d aDO-SdBNPbspacBNPHU axxbxx1 aGarcía Fermín, Franklin /10aIntroducción al estudio del derecho privado /cFranklin García Fermín, Rosalía Sosa Pérez. aSanto Domingo, República Dominicana :bDominicanos de Impresos,c1998. a144 p. ;c23 cm. aIncluye referencias bibliográficas y notas al pie de las páginas1 aSosa Pérez, Rosalía